L'Europe des rois et des princes : 1215-1492 (notice n° 1568480)
[ vue normale ]
| 000 -LEADER | |
|---|---|
| fixed length control field | 00840cam a2200133 4500500 |
| 005 - DATE AND TIME OF LATEST TRANSACTION | |
| control field | 20251214004344.0 |
| 041 ## - LANGUAGE CODE | |
| Language code of text/sound track or separate title | fre |
| 042 ## - AUTHENTICATION CODE | |
| Authentication code | dc |
| 100 10 - MAIN ENTRY--PERSONAL NAME | |
| Personal name | Savy, Pierre |
| Relator term | author |
| 245 00 - TITLE STATEMENT | |
| Title | L'Europe des rois et des princes : 1215-1492 |
| 260 ## - PUBLICATION, DISTRIBUTION, ETC. | |
| Name of publisher, distributor, etc. | Armand Colin,<br/> |
| Date of publication, distribution, etc. | 2012.<br/> |
| 520 ## - SUMMARY, ETC. | |
| Summary, etc. | Sur une période traditionnellement envisagée de manière très nationale , cet ouvrage propose une vision synthétique, transversale et parfois même comparatiste de l'histoire de l'Occident. Epoque complexe d'une grande richesse, l'histoire de ces deux siècles fondateurs permet de mieux comprendre les différents parcours de royaumes qui constituent la trame de notre Europe actuelle et de la civilisation occidentale. |
| 856 41 - ELECTRONIC LOCATION AND ACCESS | |
| Uniform Resource Identifier | <a href="https://shs.cairn.info/l-europe-des-rois-et-des-princes--9782200246204?lang=fr&redirect-ssocas=7080">https://shs.cairn.info/l-europe-des-rois-et-des-princes--9782200246204?lang=fr&redirect-ssocas=7080</a> |
Pas d'exemplaire disponible.




Réseaux sociaux